Science Politique, l'État : Auteurs - Statistiques

Statistiques générales
  • Ce quiz a été pris 76 fois
  • Le résultat moyen est 6 sur 18
Statistiques - réponses
Hint Réponse % Correct
Philosophe et économiste allemand, fondateur du matérialisme historique et critique du capitalisme, auteur de "Le Capital". Karl Marx
81%
Philosophe grec antique, pionnier de la pensée politique, auteur de *La Politique*. Aristote
71%
Philosophe genevois, critique des inégalités sociales et partisan du contrat social, auteur de "Du Contrat Social". Jean-Jacques Rousseau
71%
Sociologue et économiste allemand, théoricien de l'État moderne et de la bureaucratie, auteur de "Économie et Société". Max Weber
71%
Philosophe anglais, défenseur du contrat social et de l'État comme rempart contre l'anarchie, auteur de "Le Léviathan". Thomas Hobbes
67%
Sociologue français, critique des structures sociales et du capital symbolique, auteur de "La Noblesse d'État". Pierre Bourdieu
52%
Philosophe anglais, théoricien du libéralisme politique, défenseur des droits naturels, auteur du "Premier Traité du Gouvernement Civil". John Locke
50%
Anthropologue français, spécialiste des sociétés dites primitives et critique de l'État, auteur de "La Société contre l'État". Pierre Clastres
31%
Historien et philosophe français, défenseur d’une conception subjective de la nation, célèbre pour son discours "Qu’est-ce qu’une nation ?". Ernest Renan
29%
Sociologue et anthropologue britannique, théoricien du nationalisme, auteur de "Nations et nationalisme". Ernest Gellner
12%
Historien britannique, spécialiste des révolutions industrielles et du nationalisme, auteur de "Nations et nationalisme depuis 1780". Eric Hobsbawm
6%
Philosophe allemand, père du nationalisme allemand, auteur des "Discours à la nation allemande". Johann Gottlieb Fichte
4%
Philosophe allemand, fondateur du courant du nationalisme culturel, auteur de "Traité sur l'origine de la langue". Johann Herder
2%
Sociologue allemand, connu pour son étude de la civilisation et des comportements sociaux, auteur de "La Dynamique de l'Occident". Nobert Elias
2%
Sociologue français, connu pour ses travaux sur les mouvements sociaux, auteur de "La Manifestation". Pierre Favre
2%
Historienne française, critique des mythes fondateurs de la République française, auteur de "Le Mythe National". Suzanne Citron
2%
Sociologue français, spécialiste de la sociologie politique, auteur de "Sociologie Politique". Dominique Colas
0%
Philosophe allemand, critique des excès de la souveraineté absolue théorisée par Hobbes. Leibniz
0%
Aucun quiz correspondant
Distribution des résultats
% des personnes avec chaque résultat
Percentile par nombre de réponses
Votre historique - résultats
Vous n’avez pas pris ce quiz